[Event "ST-2022-0-00220"]
[Site "LSS email"]
[Date "2022.05.07"]
[Round "?"]
[White "Willmann, Bernd"]
[Black "Susla, Vitaliy"]
[Result "1/2-1/2"]
[WhiteElo "2353"]
[BlackElo "2332"]
[PlyCount "46"]
[EventDate "2022.04.03"]
[EventType "tourn (corr)"]
[EventRounds "6"]
[EventCountry "GER"]
[SourceTitle "Corr 2024"]
[Source "ChessBase"]
[SourceDate "2023.10.19"]
[SourceVersion "1"]
[SourceVersionDate "2023.10.19"]
[SourceQuality "1"]

1. e4 c5 2. Nf3 d6 3. d4 cxd4 4. Nxd4 Nf6 5. Nc3 a6 6. h3 e5 7. Nde2 h5 8. g3 Be7 9. Bg2 b5 10. Nd5 Nxd5 11. Qxd5 Ra7 12. Be3 Rb7 13. Qd2 Nd7 14. b3 Nf6 15. 0-0-0 0-0 16. g4 h4 17. Rhg1 Rc7 18. Kb1 Bb7 19. Bb6 Rxc2 20. Bxd8 Rxd2 21. Rxd2 Rxd8 22. Nc3 b4 23. Nd5 Bxd5 1/2-1/2

[Event "SM-2022-0-00463"]
[Site "LSS email"]
[Date "2022.03.15"]
[Round "?"]
[White "Willmann, Bernd"]
[Black "Cirulis, Ilmars"]
[Result "1/2-1/2"]
[WhiteElo "2346"]
[BlackElo "2290"]
[PlyCount "54"]
[EventDate "2022.01.21"]
[EventType "tourn (corr)"]
[EventRounds "6"]
[EventCountry "GER"]
[SourceTitle "Corr 2024"]
[Source "ChessBase"]
[SourceDate "2023.10.19"]
[SourceVersion "1"]
[SourceVersionDate "2023.10.19"]
[SourceQuality "1"]

1. e4 e5 2. Nf3 Nf6 3. Nxe5 d6 4. Nf3 Nxe4 5. d4 d5 6. Bd3 Bd6 7. 0-0 0-0 8. c4 c6 9. Nc3 Nxc3 10. bxc3 dxc4 11. Bxc4 Bf5 12. Bg5 Qa5 13. Nh4 Be6 14. Bxe6 Qxg5 15. Nf3 Qa5 16. Qb3 Qc7 17. Bc4 Nd7 18. g3 Rac8 19. a4 g6 20. a5 Nf6 21. Rfb1 Rb8 22. Re1 b5 23. axb6 axb6 24. Ne5 b5 25. Bxf7+ Rxf7 26. Nxf7 Qxf7 27. Qxf7+ Kxf7 1/2-1/2

[Event "SM-2022-0-00463"]
[Site "LSS email"]
[Date "2022.03.15"]
[Round "?"]
[White "Willmann, Bernd"]
[Black "Reyes Sablon, Alberto"]
[Result "1/2-1/2"]
[WhiteElo "2346"]
[BlackElo "2201"]
[PlyCount "58"]
[EventDate "2022.01.21"]
[EventType "tourn (corr)"]
[EventRounds "6"]
[EventCountry "GER"]
[SourceTitle "Corr 2024"]
[Source "ChessBase"]
[SourceDate "2023.10.19"]
[SourceVersion "1"]
[SourceVersionDate "2023.10.19"]
[SourceQuality "1"]

1. e4 e5 2. Nf3 Nc6 3. Bb5 a6 4. Ba4 Nf6 5. 0-0 Nxe4 6. d4 b5 7. Bb3 d5 8. dxe5 Be6 9. Nbd2 Nc5 10. c3 Be7 11. Bc2 d4 12. Nb3 d3 13. Bb1 Nxb3 14. axb3 Bf5 15. Re1 0-0 16. b4 a5 17. bxa5 Rxa5 18. Rxa5 Nxa5 19. Nd4 Bg6 20. Bxd3 Bxd3 21. Qxd3 c5 22. Qxb5 cxd4 23. Bd2 Qb8 24. Qxa5 Qxb2 25. cxd4 Qxd4 26. h3 h6 27. Be3 Qd7 28. Qa2 Rc8 29. Qb3 Rd8 1/2-1/2

[Event "ST-2022-0-00215"]
[Site "LSS email"]
[Date "2022.03.09"]
[Round "?"]
[White "Rita, Giacomo"]
[Black "Willmann, Bernd"]
[Result "1-0"]
[WhiteElo "2434"]
[BlackElo "2352"]
[PlyCount "69"]
[EventDate "2022.01.06"]
[EventType "tourn (corr)"]
[EventRounds "6"]
[EventCountry "GER"]
[SourceTitle "Corr 2024"]
[Source "ChessBase"]
[SourceDate "2023.10.19"]
[SourceVersion "1"]
[SourceVersionDate "2023.10.19"]
[SourceQuality "1"]

1. e4 c5 2. Nf3 d6 3. d4 cxd4 4. Nxd4 Nf6 5. Nc3 a6 6. Bg5 e6 7. f4 Qb6 8. Qd2 Qxb2 9. Rb1 Qa3 10. f5 Nc6 11. fxe6 fxe6 12. Nxc6 bxc6 13. Be2 Be7 14. 0-0 0-0 15. Rb3 Qc5+ 16. Be3 Qe5 17. Bf4 Qc5+ 18. Kh1 d5 19. e5 Nd7 20. Na4 Qa7 21. Qd3 Nc5 22. Nxc5 Bxc5 23. Qh3 a5 24. Rbf3 Ba6 25. Bxa6 Qxa6 26. Qxe6+ Kh8 27. h4 Rae8 28. Qg4 Kg8 29. Kh2 Qc4 30. Kh3 Rf7 31. h5 a4 32. h6 Qe4 33. Be3 Rxf3+ 34. Rxf3 Qxg4+ 35. Kxg4 1-0

[Event "ST-2022-0-00212"]
[Site "LSS email"]
[Date "2022.01.10"]
[Round "?"]
[White "Willmann, Bernd"]
[Black "Bernal Varela, Nelson"]
[Result "1/2-1/2"]
[WhiteElo "2365"]
[BlackElo "2402"]
[PlyCount "61"]
[EventDate "2021.12.01"]
[EventType "tourn (corr)"]
[EventRounds "6"]
[EventCountry "GER"]
[SourceTitle "Corr 2024"]
[Source "ChessBase"]
[SourceDate "2023.10.19"]
[SourceVersion "1"]
[SourceVersionDate "2023.10.19"]
[SourceQuality "1"]

1. e4 e6 2. d4 d5 3. Nc3 Nf6 4. e5 Nfd7 5. f4 c5 6. Nf3 cxd4 7. Nxd4 Nc6 8. Be3 Qb6 9. Qd2 Qxb2 10. Rb1 Qa3 11. Bb5 Nxd4 12. Bxd4 a6 13. Bxd7+ Bxd7 14. Rb3 Qe7 15. Rxb7 Rc8 16. 0-0 Qd8 17. Qf2 Rxc3 18. Bxc3 Qc8 19. Rb3 Ba4 20. Bd4 Bxb3 21. axb3 Be7 22. c3 0-0 23. b4 f6 24. Re1 fxe5 25. Bxe5 Bf6 26. Bxf6 Rxf6 27. Qd4 Qc6 28. h4 h6 29. Kf2 Rf8 30. Qe5 Qc4 31. Kf3 1/2-1/2

[Event "ST-2021-0-00210"]
[Site "LSS email"]
[Date "2021.12.01"]
[Round "?"]
[White "Willmann, Bernd"]
[Black "Cvak, Rudolf"]
[Result "1/2-1/2"]
[WhiteElo "2370"]
[BlackElo "2319"]
[PlyCount "38"]
[EventDate "2021.11.24"]
[EventType "tourn (corr)"]
[EventRounds "6"]
[EventCountry "GER"]
[SourceTitle "Corr 2024"]
[Source "ChessBase"]
[SourceDate "2023.10.19"]
[SourceVersion "1"]
[SourceVersionDate "2023.10.19"]
[SourceQuality "1"]

1. e4 c5 2. Nf3 d6 3. d4 cxd4 4. Nxd4 Nf6 5. Nc3 a6 6. h3 e5 7. Nde2 h5 8. g3 Be6 9. Bg2 b5 10. a4 b4 11. Nd5 a5 12. Bg5 Be7 13. Nxe7 Qxe7 14. b3 Na6 15. c4 Nc5 16. 0-0 Qd7 17. Bxf6 gxf6 18. Kh2 0-0-0 19. Ra2 f5 1/2-1/2

[Event "ST-2021-0-00208"]
[Site "LSS email"]
[Date "2021.11.25"]
[Round "?"]
[White "Willmann, Bernd"]
[Black "Bernal Varela, Nelson"]
[Result "1/2-1/2"]
[WhiteElo "2370"]
[BlackElo "2402"]
[PlyCount "93"]
[EventDate "2021.11.14"]
[EventType "tourn (corr)"]
[EventRounds "6"]
[EventCountry "GER"]
[SourceTitle "Corr 2024"]
[Source "ChessBase"]
[SourceDate "2023.10.19"]
[SourceVersion "1"]
[SourceVersionDate "2023.10.19"]
[SourceQuality "1"]

1. e4 c5 2. Nf3 e6 3. d4 cxd4 4. Nxd4 Nc6 5. Nc3 Qc7 6. Be3 a6 7. Qf3 b5 8. Nxc6 Qxc6 9. Bd3 b4 10. Nb1 a5 11. 0-0 Nf6 12. Nd2 Ba6 13. Qg3 h5 14. h3 h4 15. Qf3 Be7 16. Rac1 d6 17. Bg5 Rc8 18. Rfd1 Bxd3 19. cxd3 Qxc1 20. Rxc1 Rxc1+ 21. Kh2 0-0 22. Nc4 Ra1 23. Nxa5 Nxe4 24. Bf4 Nf6 25. Nc6 Re8 26. Nxe7+ Rxe7 27. Bxd6 Ra7 28. Bxb4 R7xa2 29. Ba3 Rf1 30. Qf4 Raa1 31. Qxh4 Rad1 32. Qd4 e5 33. Qxe5 Rxf2 34. Bb4 Rff1 35. Qb5 Kh7 36. Bc3 Kg6 37. Qa6 Rh1+ 38. Kg3 Rhf1 39. b4 Rc1 40. Bxf6 Rxf6 41. Qa7 Kh7 42. Qe7 Rcc6 43. Qe4+ Kg8 44. Qe8+ Kh7 45. Qe4+ Kg8 46. Qe8+ Kh7 47. Qe4+ 1/2-1/2

[Event "ST-2021-0-00207"]
[Site "LSS email"]
[Date "2021.11.22"]
[Round "?"]
[White "Bernal Varela, Nelson"]
[Black "Willmann, Bernd"]
[Result "1/2-1/2"]
[WhiteElo "2404"]
[BlackElo "2370"]
[PlyCount "56"]
[EventDate "2021.10.30"]
[EventType "tourn (corr)"]
[EventRounds "6"]
[EventCountry "GER"]
[SourceTitle "Corr 2024"]
[Source "ChessBase"]
[SourceDate "2023.10.19"]
[SourceVersion "1"]
[SourceVersionDate "2023.10.19"]
[SourceQuality "1"]

1. e4 c5 2. Nf3 d6 3. d4 cxd4 4. Nxd4 Nf6 5. Nc3 a6 6. f3 e5 7. Nb3 Be6 8. Be3 h5 9. Nd5 Bxd5 10. exd5 Nbd7 11. Qd2 g6 12. 0-0-0 Nb6 13. Kb1 Nbxd5 14. Bg5 Be7 15. Bd3 Qc7 16. Rhe1 Nb6 17. Qf2 0-0-0 18. Bd2 Nfd7 19. Ba5 f5 20. Bf1 Kb8 21. Rd3 Qc6 22. f4 Rhe8 23. Rc3 Nc5 24. Nxc5 dxc5 25. Rb3 c4 26. Rxb6 Bc5 27. Qf3 Qxf3 28. gxf3 Bxb6 1/2-1/2

[Event "ST-2021-0-00206"]
[Site "LSS email"]
[Date "2021.11.18"]
[Round "?"]
[White "Martin, Angel"]
[Black "Willmann, Bernd"]
[Result "1/2-1/2"]
[WhiteElo "2381"]
[BlackElo "2374"]
[PlyCount "42"]
[EventDate "2021.10.24"]
[EventType "tourn (corr)"]
[EventRounds "6"]
[EventCountry "GER"]
[SourceTitle "Corr 2024"]
[Source "ChessBase"]
[SourceDate "2023.10.19"]
[SourceVersion "1"]
[SourceVersionDate "2023.10.19"]
[SourceQuality "1"]

1. e4 c5 2. Nf3 d6 3. d4 cxd4 4. Nxd4 Nf6 5. Nc3 a6 6. Bg5 e6 7. f4 Qb6 8. Qd3 Qxb2 9. Rb1 Qa3 10. f5 Be7 11. fxe6 fxe6 12. Be2 Qa5 13. Bd2 Qc7 14. g4 h6 15. e5 dxe5 16. Qg6+ Kd8 17. Nf3 Nc6 18. g5 hxg5 19. Nxg5 Rf8 20. Nf7+ Kd7 21. Bf3 Ra7 1/2-1/2

[Event "ST-2021-0-00206"]
[Site "LSS email"]
[Date "2021.11.15"]
[Round "?"]
[White "Willmann, Bernd"]
[Black "Sorcinelli, Andrea"]
[Result "1/2-1/2"]
[WhiteElo "2374"]
[BlackElo "2366"]
[PlyCount "47"]
[EventDate "2021.10.24"]
[EventType "tourn (corr)"]
[EventRounds "6"]
[EventCountry "GER"]
[SourceTitle "Corr 2024"]
[Source "ChessBase"]
[SourceDate "2023.10.19"]
[SourceVersion "1"]
[SourceVersionDate "2023.10.19"]
[SourceQuality "1"]

1. e4 c5 2. Nf3 d6 3. d4 cxd4 4. Nxd4 Nf6 5. Nc3 a6 6. h3 e5 7. Nde2 h5 8. g3 Be7 9. Bg2 b5 10. Nd5 Nbd7 11. Nxe7 Qxe7 12. 0-0 0-0 13. a3 Qe6 14. Nc3 Bb7 15. Bg5 Rac8 16. Re1 Rc4 17. h4 Rfc8 18. Re2 Nc5 19. f3 d5 20. Bxf6 d4 21. Bxe5 Qxe5 22. Nd5 Bxd5 23. f4 Qf6 24. exd5 1/2-1/2

[Event "ST-2021-0-00204"]
[Site "LSS email"]
[Date "2021.11.08"]
[Round "?"]
[White "Susla, Vitaliy"]
[Black "Willmann, Bernd"]
[Result "1/2-1/2"]
[WhiteElo "2326"]
[BlackElo "2373"]
[PlyCount "43"]
[EventDate "2021.09.30"]
[EventType "tourn (corr)"]
[EventRounds "6"]
[EventCountry "GER"]
[SourceTitle "Corr 2024"]
[Source "ChessBase"]
[SourceDate "2023.10.19"]
[SourceVersion "1"]
[SourceVersionDate "2023.10.19"]
[SourceQuality "1"]

1. d4 Nf6 2. c4 e6 3. Nf3 d5 4. g3 Bb4+ 5. Bd2 Be7 6. Bg2 c6 7. Qc2 b6 8. 0-0 0-0 9. Bf4 Bb7 10. Nbd2 Nh5 11. Be3 Nd7 12. cxd5 cxd5 13. Ne5 Nhf6 14. Ndf3 Nxe5 15. Nxe5 Qc8 16. Qb3 Ba6 17. Rfc1 Qb7 18. Rc2 Rfc8 19. Rac1 Rxc2 20. Rxc2 Ne4 21. h4 Nd6 22. Bf4 1/2-1/2